000 00319nam a22001337a 4500
008 260428b ||||| |||| 00| 0 eng d
020 _a9992764139
041 _aShqip
080 _8821.1
_a821.1
100 _a40
101 _aPedagogji
245 _aShqipëria në vlerat e reformës
_cOsman Allkja
942 _2udc
_cBK
999 _c61016
_d61016